| 000 | 00738nam a22002537a 4500 | ||
|---|---|---|---|
| 008 | 160608b xxu||||| |||| 00| 0 eng d | ||
| 082 |
_a708 _bF954 |
||
| 100 |
_aLuisa Fuentes Guaza _95199 |
||
| 245 |
_aMientras sea posible _cLuisa Fuentes Guaza |
||
| 260 |
_aEspaña _bCasa America Madrid _c2010 |
||
| 300 |
_aunpaged _bill. col _c24 cm |
||
| 653 | _aExhicibiciones - Catalogo | ||
| 653 | _aFelipe Arturo | ||
| 653 | _aCatalina Bauer | ||
| 653 | _aAna Gallardo | ||
| 653 | _aJeronimo Hagerman | ||
| 653 | _aCatalina León | ||
| 653 | _aValeria Maculán | ||
| 653 | _aHector Zamora | ||
| 653 | _aArte Contemporaneo | ||
| 653 | _aSiglo XXI | ||
| 653 | _aCasa America / Madrid | ||
| 700 |
_aLuisa Fuentes Guaza _95200 |
||
| 999 |
_c953 _d953 |
||